សុវុឌ្ឍិកម្មព្រៃសម្បាទានខេត្តព្រះវិហារ ឆ្នាំ ១៩៩២ (Record no. 2995)

000 -LEADER
fixed length control field 00536nam a22001577a 4500
003 - CONTROL NUMBER IDENTIFIER
control field OSt
005 - DATE AND TIME OF LATEST TRANSACTION
control field 20151102160108.0
008 - FIXED-LENGTH DATA ELEMENTS--GENERAL INFORMATION
fixed length control field 151102b xxu||||| |||| 00| 0 eng d
040 ## - CATALOGING SOURCE
Transcribing agency RUA
082 ## - DEWEY DECIMAL CLASSIFICATION NUMBER
Classification number FOR ហុង​​ 1992​ B117 Or.1
100 ## - MAIN ENTRY--PERSONAL NAME
9 (RLIN) 3208
Personal name ហុង​ ប៉ោឡេង
245 ## - TITLE STATEMENT
Title សុវុឌ្ឍិកម្មព្រៃសម្បាទានខេត្តព្រះវិហារ ឆ្នាំ ១៩៩២
260 ## - PUBLICATION, DISTRIBUTION, ETC. (IMPRINT)
Place of publication, distribution, etc. Phnom Penh
Name of publisher, distributor, etc. RUA
Date of publication, distribution, etc. 1992
300 ## - PHYSICAL DESCRIPTION
Extent 80p.
Other physical details ill.
Dimensions 29cm.
942 ## - ADDED ENTRY ELEMENTS (KOHA)
Source of classification or shelving scheme
Koha item type FOR
Holdings
Price effective from Date last seen Permanent Location Not for loan Date acquired Source of classification or shelving scheme Koha item type Barcode Lost status Damaged status Shelving location Withdrawn status Current Location Full call number
2015-11-022015-11-02Library Block B 2015-11-02 FORRUA026367  B117 Library Block BFOR ហុង​​ 1992​ B117 Or.1
2015-11-022015-11-02Library Block B 2015-11-02 FORRUA026117  B117 Library Block BFOR ហុង​​ 1992​ B117 Or.2
2015-11-022015-11-02Library Block B 2015-11-02 FORRUA026469  B117 Library Block BFOR ហុង​​ 1992​ B117 Or.3
2015-11-022015-11-02Library Block B 2015-11-02 FORRUA026238  B117 Library Block BFOR ហុង​​ 1992​ B117 Or.4
មជ្ឈមណ្ឌលឯការនៃសាកលវិទ្យាល័យភូមិន្ទកសិកម្មចំការដូង

Powered by Koha